Ciencia y política en América Latina /

Збережено в:
Бібліографічні деталі
Автор: Herrera, Amílcar Oscar (autor)
Формат: Книга
Мова:Іспанська
Опубліковано: México : Siglo XXI, 1971, c1971
Редагування:9a edición
Серія:(El Mundo del Hombre)
(Economía y Demografía)
Предмети:
Теги: Додати тег
Немає тегів, Будьте першим, хто поставить тег для цього запису!

MARC

LEADER 00000nam^a2200000^a^4500
001 000182271
005 20250521000000.0
009 20260310102000.538
037 |a Acervo ITESO - Biblioteca 
041 |a ESP 
082 |a 303. 4830980  |b HER 
100 |a Herrera, Amílcar Oscar  |e (autor) 
245 1 0 |a Ciencia y política en América Latina /  |c A.O. Herrera. 
250 |a 9a edición 
264 4 |a México :  |b Siglo XXI,  |c 1971, c1971 
300 |a VIII, 206 p. 
336 |a texto  |b txt  |2 rdacontenido 
337 |a sin mediación  |b n  |2 rdamedio 
338 |a volumen  |b nc  |2 rdasoporte 
440 4 |a (El Mundo del Hombre) 
440 1 |a (Economía y Demografía) 
649 |a XX 
650 |a Ciencia y Desarrollo -  |z Latinoamérica 
650 |a Política Científica y Tecnológica -  |z Latinoamérica 
650 |a Sociología de la Ciencia 
910 |a Fondo Armando Suárez Gómez 
920 |a Impresos - Libros 
930 |a Fondos Especiales 
905 |a 111 
901 |a 0700006617  |b IT2  |c ESP  |u 20250521 
902 |a https://opac.biblio.iteso.mx/vufind/Record/000182271